The rise of the network society

Αποθηκεύτηκε σε:
Λεπτομέρειες βιβλιογραφικής εγγραφής
Κύριος συγγραφέας: Castells, Manuel, 1942-
Μορφή: Βιβλίο
Γλώσσα:English
Δημοσίευση: Oxford ; Malden, MA : Blackwell Publishers, c2000.
Έκδοση:2nd ed.
Σειρά:Castells, Manuel, 1942- Information age.
Θέματα:
Ετικέτες: Προσθήκη ετικέτας
Δεν υπάρχουν, Καταχωρήστε ετικέτα πρώτοι!

MARC

LEADER 00000cam a2200000 i 4500
001 1/69390
008 080107s2000 enk| ||| |||| ||eng||
020 |a 0631221409 
020 |a 9780631221401 
035 |l 10093401 
040 |a GR-MyUa  |b gre  |e AACR2 
041 0 |a eng 
082 7 |a 303.4833   |2 (22) 
100 1 |a Castells, Manuel,   |d 1942- 
245 1 4 |a The rise of the network society /   |c Manuel Castells. 
250 |a 2nd ed. 
260 |a Oxford ;   |a Malden, MA :   |b Blackwell Publishers,   |c c2000. 
300 |a xxix, 594 σ. :   |b διαγρ., σχέδια ;   |c 23 εκ. 
490 1 |a (Castells, Manuel. Information age) 
504 |a Περιλαμβάνει βιβλιογραφία και ευρετήριο. 
650 0 |a Information technology  |x Economic aspects. 
650 0 |a Information society. 
650 0 |a Information networks. 
650 0 |a Technology and civilization. 
800 1 |a Castells, Manuel,   |d 1942-   |t Information age. 
852 |a INST  |b CHIOS  |e 20080107  |h 303.4833 CAS  |p 005200028512  |q 005200028512  |t BK  |y 0 
852 |a INST  |b LESVOS  |e 20080225  |h 303.4833 CAS  |p 005100038782  |q 005100038782  |t BK  |y 0 
852 |a INST  |b SAMOS  |e 20080319  |h 303.4833 CAS  |p 005300026643  |q 005300026643  |t BK  |y 0 
901 |a BIBL3-2008-1 
901 |a BIBL2-2008-1 
901 |a BIBL1-2008-1 
922 |a 3ΕΛΗ  |b 200712  |c ΕΠΕΑΕΚ2/ΤΜΠΕΣ  |d ΕΛΕΥΘΕΡΟΥΔΑΚΗΣ 
922 |a 2ΕΛΗ  |b 200712  |c ΕΠΕΑΕΚ2/ΤΔΕ  |d ΕΛΕΥΘΕΡΟΥΔΑΚΗΣ 
922 |a 1ΕΛΗ  |b 200712  |c ΕΠΕΑΕΚ2/ΤΚ  |d ΠΑΠΑΣΩΤΗΡΙΟΥ 
970 |a ΒΑΣΙΛΑΚΗ  |b ΝΙΚΗ  |z 2008/01/07